1061 1661 1198 1267 1101 1843 1711 1830 1928 1207 1554 1952 1312 1142 1327 1827 1686 1857 1488 1578 1363 1413 1353 1494 1018 1994 1099 1687 1988 1916 1126 1704 1230 1696 1684 1307 1694 1120 1964 1328 1315 1555 1265 1826 1070 1567 1484 1008 1831 1432 1979 1562 1460 1718 1296 1406 1367 1026 1201 1886 1593 1469 1724 1792 1182 1069 1965 1832 1313 1849 1596 1221 1214 1596 1099 1688 1935 1770 1635 1213 1787 1977 1914 1175 1358 1837 1277 1917 1305 1908 1994 1096 1753 1586 1429 1204 1081 1967 1990 BCNSPRNW ULIB Ver.6.0+V

เปลี่ยนเป็นภาษาไทย

Change to English
 แสดงรายละเอียดบรรณานุกรม
  กลับหน้าหลัก

Brief Record : Get Marc (ISO 2709) : E-mail record : QR code < ปิดหน้าต่าง
LEADER : 00000nam 2200000uu 4500
001    13399123065
003     ULIB
008    020711s2552 th a 000 0 tha d
060  4 WC534^bก169ค
110    กระทรวงสาธารณสุข.^bกรมควบคุมโรค.
245    คู่มืออาสาสมัครสาธารณสุข เรื่องโรคไข้เลือดออก/^cกรมควบคุมโรค.
260    นนทบุรี :^bกรมควบคุมโรค.,^c2552
300    31 หน้า
650    ไข้เลือดออก^xป้องกัน
945    ^p0^l0^i20263
945    ^p0^l0^i20264
945    ^p0^l0^i20265
945    ^p0^l0^i20266
945    ^p0^l0^i20267
945    ^p0^l0^i20268
945    ^p0^l0^i20269
945    ^p0^l0^i20270
945    ^p0^l0^i20271
945    ^p0^l0^i20272
945    ^p0^l0^i20273
945    ^p0^l0^i20274
945    ^p0^l0^i20275
945    ^p0^l0^i20276
945    ^p0^l0^i20277
945    ^p0^l0^i20278
945    ^p0^l0^i20279
945    ^p0^l0^i20280
999    ^aทศพร เกษรทอง
รายการนี้ยังไม่มีแท็ก
คุณยังไม่ได้ล็อกอิน คุณสามารถมีกิจกรรมร่วมกับเว็บไซต์ได้ แต่ต้องล็อกอินก่อน ::
  ล็อกอิน

รายการสื่อสารสนเทศ

ลำดับที่ ประเภท เลขเรียก/บาร์โค้ด สถานที่ สถานะ
- ไม่พบข้อมูล -

BibComment


ยังไม่เคยถูกคอมเมนท์

คอมเมนท์ทรัพยากรรายการนี้
  คอมเมนท์: คู่มืออาสาสมัครสา..


 Copyright 2026. Bcnsprnw @Library